Score 0/12 Timer 03:00
1 Play Today
Question Answer Wrong Answers
NEW YORK -ER
87.5%
-ITE
1.7%
-IAN
1.9%
PENNSYLVANIA -IAN
85.6%
-ITE
3.8%
-ER
1.9%
KENTUCKY -IAN
76.4%
-ITE
9.8%
-ER
4.5%
ALABAMA -IAN
73.8%
-ITE
9.6%
-ER
8.2%
WISCONSIN -ITE
70.5%
-ER
10.6%
-IAN
10.1%
WASHINGTON -IAN
69.6%
-ITE
15.1%
-ER
6.7%
MAINE -ER
68.3%
-ITE
14.2%
-IAN
8.2%
VERMONT -ER
68.3%
-ITE
9%
-IAN
14%
NEW HAMPSHIRE -ITE
68.1%
-ER
10.1%
-IAN
12.5%
WYOMING -ITE
50%
-ER
23.3%
-IAN
18.7%
CONNECTICUT -ER
43.9%
-ITE
23.9%
-IAN
23.7%
INDIANA -ER
22.1%
-ITE
11.5%
-IAN
58.2%
Remove Ads.
Support Sporcle.
Get the best of Sporcle when you Go Orange. This ad-free experience offers more features, more stats, and more fun while also helping to support Sporcle. Thank you for becoming a member.

You're not logged in!

Compare scores with friends on all Sporcle quizzes.
OR
Log In

Show Comments

Extras

Top Quizzes Today


Score Distribution

Your Account Isn't Verified!

In order to create a playlist on Sporcle, you need to verify the email address you used during registration. Go to your Sporcle Settings to finish the process.

Report this User

Report this user for behavior that violates our Community Guidelines.

Details: